00835nam a2200205 a 450000100100000000500170001000800410002704000250006808200210009324500510011426000750016530000280024050501950026865000280046365000420049170000250053370000220055870000270058070000220060700002312520200930022014.0101126s1965 pr 000 d spa d aDO-SdBNPbspacBNPHU aPR862.44bT253p700aTeatro puertorriqueño :bséptimo festival. aSan Juan, Puerto Rico :bInstituto de Cultura Puertorriqueña,c1965. a669 p. :bil. ;c22 cm.0 tTodos los ruiseñores cantan /rLuis Rechani Agrait. --tEl apartamiento /rRené Marqués. --t...o casi el alma /rLuis Rafael Sánchez. --tCoctel de don Nadie --rFrancisco Arriví. 4aTeatro puertorriqueño 4aLiteratura puertorriqueñaySIGLO XX1 aRechani Agrait, Luis1 aMarqués, René1 aSánchez, Luis Rafael1 aArrivi, Francisco